000 00514nam a22001811c 4500
001 a987685260
008 060204s1969 gw |||| 000u rus d
041 _arus
100 1 _aLychmusa, E.
245 0 0 _aEkonomičeskie svjazi estonskoj SSR v sisteme narodnogo chozjajstva SSSR / Perevod s estonskogo
264 _aTallin :
_bIzd. Eesti raamat,
_c1969
300 _a314 S.
650 0 _aEstland <1945-1968>
710 2 _aInstitut Ekonomiki AN ESSR
942 _cMG
040 _cRU-10907106
003 RU-10907106
999 _c2863
_d2863